000 00687nam a2200229 a 4500
001 72762
003 BD-RjUL
005 20211209082315.0
008 170523s1948 enka 001 0 eng d
035 _a(BD-RjUL)72980
040 _aDCP
_cDCP
_dBD-RjUL
_beng
041 _aeng
082 _223
_a541
_bFRT 1948
090 _aQD453
_b.F73
100 1 _aFriend, J. Newton
_q(John Newton),
_d1881-1966.
_9215232
245 1 2 _aA Textbook of physical chemistry /
_cby J. Newton Friend.
260 _aLondon :
_bC. Griffin & Co. Ltd.,
_c1948.
300 _axv, 566 p. :
_bill. ;
_c23 cm.
500 _aIncludes index
650 0 _aChemistry, Physical and theoretical.
_9215233
942 _2ddc
_cBK
999 _c72762
_d72762